书目信息 |
| 题名: |
青年团的初建
|
|
| 作者: | 何启君 编著 | |
| 分册: | ||
| 出版信息: | 北京 中国青年出版社 1987 |
|
| 页数: | 469页 | |
| 开本: | 19cm | |
| 丛书名: | ||
| 单 册: | ||
| 中图分类: | D293 | |
| 科图分类: | ||
| 主题词: | ||
| 电子资源: | ||
| ISBN: | 7-5006-0034-8 | |
| 000 | 00612nam0 2200217 45 | |
| 001 | 0187000987 | |
| 005 | 20050630084620.6 | |
| 010 | @a7-5006-0034-8@dCNY3.30 | |
| 100 | @a19900808d1987 emky0chiy0121 ea | |
| 101 | 0 | @achi |
| 102 | @aCN@b110000 | |
| 105 | @ay z 000yd | |
| 200 | 10 | @a青年团的初建@Aqing nian tuan de chu jian@f何启君编著@FHe Qi Jun Bian Zhu |
| 210 | @a北京@c中国青年出版社@d1987 | |
| 215 | @a469页@d19cm | |
| 601 | 02 | @a中国共产主义青年团@x历史 |
| 690 | @aD293@v3 | |
| 701 | 0 | @a何启君@4编著 |
| 801 | 0 | @aCN@b深圳图书馆@c20040424 |
| 801 | 2 | @aCN@bNLC@c20040424 |
| 905 | @dD293@e12@f1@b202375 | |
| 青年团的初建/何启君编著.-北京:中国青年出版社,1987 |
| 469页;19cm |
| ISBN 7-5006-0034-8:CNY3.30 |
| ● |
| 相关链接 |
|
|
|
|
正题名:青年团的初建
索取号:D293/12
 
预约/预借
| 序号 | 登录号 | 条形码 | 馆藏地/架位号 | 状态 | 备注 |
| 1 | 0202374 | 000380901 | 第一借阅区/ [索取号:D293/12] | 在馆 | |
| 2 | 0202375 | 000380894 | 第一样本阅览室/ [索取号:D293/12] | 在馆 |